Immigration Malta - Statistiken

Allgemein
  • Dieses Quiz wurde 54 mal gespielt
  • Das Durchschnittsergebnis liegt bei 21 aus 30
Antwortstatistiken
Platz Land Anzahl % Korrekt
1. Italien 5.180
100%
16. Deutschland 991
96%
12. Spanien 1.119
94%
18. Frankreich 879
92%
24. Österreich 332
90%
2. Vereinigtes Königreich 3.985
90%
21. Niederlande 466
83%
26. Portugal 297
81%
7. Russland 2.027
81%
13. China 1.090
79%
22. Griechenland 379
79%
20. Polen 719
77%
14. Schweden 1.085
77%
25. Finnland 321
73%
19. Indien 819
71%
28. Irland 281
71%
23. Slowakei 338
71%
11. Rumänien 1.262
69%
17. Ukraine 896
69%
6. Bulgarien 2.044
67%
4. Serbien 2.757
65%
27. Tschechien 296
63%
9. Ungarn 1.308
63%
30. Litauen 213
56%
29. Lettland 276
54%
10. Syrien 1.289
50%
3. Libyen 3.622
48%
5. Philippinen 2.407
25%
8. Somalia 1.845
23%
15. Eritrea 1.057
15%
Keine übereinstimmenden Quizze gefunden
Verteilung der Resultate
Anzahl Personen mit jedem Resultat
Perzentil nach korrekt beantworteten Fragen
Ihre Resultats-Entwicklung
Sie haben dieses Quiz noch nicht gespielt